Geography Quiz

Random Geography or City Quiz

Cities of the Venetian Empire Quiz Stats

 Plays Quiz not verified by Sporcle

Challenge
Share
Tweet
Embed
Score 0/50 Timer 12:00
0 Plays Today
Modern Country City % Correct
GreeceAthens
96.9%
ItalyVenice
94.4%
GreeceThessaloniki
82.1%
CroatiaSplit
79%
ItalyVerona
74.4%
Ukraine*Sevastopol
72.3%
CyprusNicosia
71.8%
AlbaniaDurrës
69.2%
GreeceHeraklion
61%
GreecePatras
59.5%
ItalyPadua
57.4%
CyprusLimassol
54.9%
GreecePiraeus
47.7%
ItalyRavenna
43.6%
ItalyUdine
42.1%
ItalyBrescia
40.5%
CroatiaZadar
39.5%
ItalyVicenza
39.5%
Ukraine*Kerch
39%
AlbaniaVlorë
36.4%
ItalyRimini
34.4%
Ukraine*Yalta
33.8%
ItalyTreviso
31.3%
ItalyBergamo
30.3%
AlbaniaShkodër
28.7%
Modern Country City % Correct
ItalyBrindisi
25.6%
ItalyCesena
19.5%
ItalyCremona
19%
GreecePeristeri
16.9%
Ukraine*Feodosia
16.4%
GreeceNikaia
14.9%
CyprusStrovolos
12.8%
GreeceNea Smyrni
12.8%
GreeceAcharnes
12.3%
GreeceKalamaria
12.3%
GreeceNea Ionia
12.3%
GreeceKallithea
11.8%
GreeceIlioupoli
11.8%
GreeceIlion
11.8%
GreeceKorydallos
11.8%
GreeceEgaleo
11.8%
GreeceKeratsini
11.3%
GreeceZografou
11.3%
GreeceGlyfada
10.8%
GreeceEvosmos
10.8%
GreeceChalandri
10.8%
GreeceAgios Dimitrios
10.8%
GreeceVyronas
10.3%
GreeceMarousi
10.3%
GreecePalaio Faliro
9.7%

You're not logged in!

Compare scores with friends on all Sporcle quizzes.
Join for Free
OR
Log In

You Might Also Like...

Show Comments

Extras

Top Quizzes Today


Score Distribution

Your Account Isn't Verified!

In order to create a playlist on Sporcle, you need to verify the email address you used during registration. Go to your Sporcle Settings to finish the process.

Report this User

Report this user for behavior that violates our Community Guidelines.

Details: